Govt. of
Madhya Pradesh

Geoenvironment Of Manipur (Record no. 66014)

MARC details
000 -LEADER
fixed length control field 00366nam a22001577a 4500
003 - CONTROL NUMBER IDENTIFIER
control field macl
005 - DATE AND TIME OF LATEST TRANSACTION
control field 20230316130431.0
008 - FIXED-LENGTH DATA ELEMENTS--GENERAL INFORMATION
fixed length control field 230316b |||||||| |||| 00| 0 eng d
040 ## - CATALOGING SOURCE
Transcribing agency MACL
050 ## - LIBRARY OF CONGRESS CALL NUMBER
Classification number 910/RAI
100 ## - MAIN ENTRY--PERSONAL NAME
Personal name Rai, Suresh C.
9 (RLIN) 81837
245 ## - TITLE STATEMENT
Title Geoenvironment Of Manipur
260 ## - PUBLICATION, DISTRIBUTION, ETC. (IMPRINT)
Place of publication, distribution, etc. New Delhi
Name of publisher, distributor, etc. Ane Books
650 ## - SUBJECT ADDED ENTRY--TOPICAL TERM
Topical term or geographic name as entry element Geography
942 ## - ADDED ENTRY ELEMENTS (KOHA)
Source of classification or shelving scheme
Koha item type Books
Holdings
Withdrawn status Lost status Source of classification or shelving scheme Damaged status Not for loan Home library Current library Date acquired Cost, normal purchase price Total Checkouts Barcode Date last seen Price effective from Koha item type
          MACL MACL 16/03/2023 899.00   CRE040268 02/05/2024 16/03/2023 Books